000 00813pam a2200289 i 4500
999 _c3006
_d3006
001 020819130
003 UkOxU
005 20230914152034.0
008 170303s2017 enk 000 d|eng d
015 _aGBB731957
_2bnb
016 7 _a018246962
_2Uk
020 _a9780571339433 (pbk.)
035 _a(Uk)018246962
040 _aStDuBDS
_beng
_erda
_cStDuBDS
_dUk
_dKH8
042 _aukblsr
082 0 4 _a822.914 MAR
_223
100 1 _aMarber, Patrick,
_d1964-
_eauthor.
245 1 0 _aDon Juan in Soho :
_bafter Molière /
_cPatrick Marber.
250 _aRevised and reset.
264 1 _aLondon :
_bFaber & Faber,
_c2017.
300 _a74 pages ;
_c20 cm.
336 _atext
_2rdacontent
337 _aunmediated
_2rdamedia
338 _avolume
_2rdacarrier
650 0 _aLibertinism
_vDrama.
942 _2ddc
_cTR